00745nam a22001937a 4500010001500000020002600015035001400041037000900055082001200064100002500076245008300101260004300184270007500227300002000302700003200322942002600354999001900380952015200399 aENG-143083 a9789361636271c890.00 aEN-126615 bDBAD a616.075 aNagarajan, R.975171 aExploringh the Unexplored:bHealth & Labour/cby R. Nagarajan [and] Blessy Rao aTamil NadubShanlax publicationsc2024 a61, 66 T.P.K. Main Road, Vasantha Nagar, bMadurai, Tamil Nadue625003 a377p.c25cm(pb) aRao, Blessy eAuthor975172 2ddccENh616.075mNAG c207703d207703 001040708NFICaJPbJPd2024-12-16eDelivery of Books Divisiong890.00l0o616.075 NAGpEN-126615r2024-12-16 00:00:00t1v890.00w2024-12-16yEN